Quiz Code de la route - 2 - Statistiques

Statistiques générales
  • Ce quiz a été pris 467 fois
  • Le résultat moyen est 12 sur 15
Statistiques - réponses
Question Réponse % Correct
Que signifie un panneau de signalisation avec un cercle rouge et un chiffre à l'intérieur? Limitation de vitesse
99%
Que signifie un panneau de signalisation avec un cercle bleu et une flèche blanche? Obligation de tourner dans la direction indiquée
98%
Que devez-vous faire lorsque vous voyez un feu rouge? S'arrêter
98%
Que signifie un panneau de signalisation avec un triangle rouge et un point d'exclamation à l'intérieur? Danger
95%
Que devez-vous faire lorsque vous voyez un panneau "Chaussée rétrécie"? Ralentir et être prêt à céder le passage si nécessaire
95%
Quel est le taux maximal d'alcoolémie autorisé pour un conducteur novice (moins de 3 ans de permis)? 0,2 g/l
93%
Quelle est la vitesse maximale autorisée sur une autoroute en France? 130 km/h
92%
Que devez-vous faire lorsque vous voyez un panneau "STOP"? S'arrêter complètement
89%
Que devez-vous faire lorsque vous voyez un panneau "Cédez le passage"? ( Les voiture viennes de la droite ) Ralentir et céder le passage aux véhicules venant de la droite
88%
Quelle est la vitesse maximale autorisée en agglomération en France? 50 km/h
87%
Que signifie un panneau de signalisation avec un cercle rouge et une voiture noire à l'intérieur? Interdiction de circuler pour les véhicules motorisés
83%
Quel est le taux maximal d'alcoolémie autorisé pour un conducteur expérimenté (plus de 3 ans de permis)? 0,5 g/l
70%
Quelle est la distance de sécurité minimale à respecter entre deux véhicules sur une route? 2 secondes
44%
Quelle est la vitesse maximale autorisée sur une route nationale en France? 80 km/h
40%
Que signifie un panneau de signalisation avec un cercle rouge et une barre diagonale blanche? Limitation de vitesse
1%
Aucun quiz correspondant
Distribution des résultats
% des personnes avec chaque résultat
Percentile par nombre de réponses
Votre historique - résultats
Vous n’avez pas pris ce quiz